000 00567nam a2200181Ia 4500
008 090123s9999 xx 000 0 und d
082 _b36982
100 _aपंडित रंजना
245 _aमन शुध्द तुझं....
250 _a1
260 _bमधुश्री प्रकाशन
_c2004
300 _a156
600 _aपंडित रंजना
630 _aमन शुध्द तुझं....
700 _aपंडित रंजना
730 _aमन शुध्द तुझं....
942 _cBOOK
999 _c75050
_d75050